Similarities and difference in the U.S. and South African civil rights struggles (Record no. 5633)

000 -LEADER
fixed length control field 00386pab a2200145 454500
008 - FIXED-LENGTH DATA ELEMENTS--GENERAL INFORMATION
fixed length control field 180718b1988 xxu||||| |||| 00| 0 eng d
100 ## - MAIN ENTRY--PERSONAL NAME
Personal name Orten, James D.
245 ## - TITLE STATEMENT
Title Similarities and difference in the U.S. and South African civil rights struggles
260 ## - PUBLICATION, DISTRIBUTION, ETC.
Date of publication, distribution, etc. 1988
300 ## - PHYSICAL DESCRIPTION
Extent 299-303
362 ## - DATES OF PUBLICATION AND/OR SEQUENTIAL DESIGNATION
Dates of publication and/or sequential designation Jul.-Aug.
650 ## - SUBJECT ADDED ENTRY--TOPICAL TERM
Topical term or geographic name entry element Civil Liberties
773 ## - HOST ITEM ENTRY
Main entry heading Social Work
909 ## -
-- 5633
Holdings
Withdrawn status Lost status Damaged status Not for loan Permanent Location Current Location Date acquired Serial Enumeration / chronology Barcode Date last seen Price effective from Koha item type
        Indian Institute of Public Administration Indian Institute of Public Administration 2018-07-19 Volume no: 33, Issue no: 4 AR5639 2018-07-19 2018-07-19 Articles

Powered by Koha